Normal view MARC view
  • Sommer ville, Ian

Entry Personal Name

Number of records used in: 1

001 - CONTROL NUMBER

  • control field: 4088

003 - CONTROL NUMBER IDENTIFIER

  • control field: OSt

005 - DATE AND TIME OF LATEST TRANSACTION

  • control field: 20180205165258.0

008 - FIXED-LENGTH DATA ELEMENTS

  • fixed length control field: 180205|| aca||aabn | a|a d

040 ## - CATALOGING SOURCE

  • Original cataloging agency: OSt
  • Transcribing agency: OSt

100 ## - HEADING--PERSONAL NAME

  • Personal name: Sommer ville, Ian

670 ## - SOURCE DATA FOUND

  • Source citation: Work cat.: (OSt)201: Sommer ville, Ian, Software Engineering , 2002